00201nam a22000977a 4500040000700000082000800007100000700015245005400022260001800076300000900094 cSK a330 aNA aThe economics of climate change in southeast asia aNAbNA c2010 a20p.